[Event "Titled Tuesday intern op 08th Feb Early"]
[Site "Chess.com INT"]
[Date "2022.02.08"]
[Round "8"]
[White "Zaichenko, Daria"]
[Black "Al Ghamdi, Ahmed M"]
[Result "0-1"]
[WhiteElo "2104"]
[BlackElo "2107"]
[PlyCount "100"]
[EventDate "2022.02.08"]
[EventType "swiss (blitz)"]
[EventRounds "11"]
[EventCountry "USA"]
[SourceTitle "CBM 206 Extra"]
[Source "ChessBase"]
[SourceDate "2022.03.31"]
[SourceVersion "1"]
[SourceVersionDate "2022.03.31"]
[SourceQuality "1"]

1. e4 e5 2. Nf3 Nc6 3. Bc4 Nf6 4. d3 Be7 5. c3 d6 6. 0-0 0-0 7. Bb3 Kh8 8. Nbd2 Ng8 9. d4 f5 10. exf5 Bxf5 11. dxe5 dxe5 12. h3 e4 13. Nh2 Ne5 14. Qe2 Qd3 15. Re1 Bc5 16. Bxg8 Kxg8 17. Nb3 Bxf2+ 18. Qxf2 Bxh3 19. Qe3 Bf5 20. Bd2 Qd6 21. Rad1 Nd3 22. Rf1 Bg6 23. Nd4 Nxb2 24. Qg5 Nxd1 25. Rxd1 Rae8 26. Be3 c5 27. Ng4 cxd4 28. Rxd4 Qe7 29. Qd5+ Kh8 30. Bf4 Qh4 31. Ne5 Qxf4 32. Nxg6+ hxg6 33. Qd7 Qf2+ 34. Kh1 Qh4+ 35. Kg1 e3 36. Rxh4+ Kg8 37. Qd5+ Rf7 38. Rf4 Ree7 39. Rxf7 Rxf7 40. Qe4 Re7 41. Qxe7 Kh7 42. Qxe3 a5 43. Qe4 a4 44. Qe5 a3 45. c4 b5 46. c5 b4 47. c6 b3 48. axb3 a2 49. c7 g5 50. Qa1 g4 0-1

[Event "Wch Blitz"]
[Site "Moscow"]
[Date "2019.12.29"]
[Round "6"]
[White "Al Ghamdi, Ahmed M"]
[Black "Faizrakhmanov, Ramil"]
[Result "1-0"]
[WhiteElo "2107"]
[BlackElo "2434"]
[PlyCount "82"]
[EventDate "2019.12.29"]
[EventType "swiss (blitz)"]
[EventRounds "21"]
[EventCountry "RUS"]
[SourceTitle "CBM 193 Extra"]
[Source "ChessBase"]
[SourceDate "2020.01.31"]
[SourceVersion "1"]
[SourceVersionDate "2020.01.31"]
[SourceQuality "1"]

1. e4 c6 2. d4 d5 3. Nd2 dxe4 4. Nxe4 Bf5 5. Ng3 Bg6 6. h4 h6 7. Nf3 Nd7 8. h5 Bh7 9. Bd3 Bxd3 10. Qxd3 e6 11. Bd2 Ngf6 12. 0-0-0 Be7 13. Ne4 Nxe4 14. Qxe4 Nf6 15. Qe2 Qd5 16. Kb1 Rd8 17. Be3 Ng4 18. Bc1 0-0 19. Ne5 Nxe5 20. dxe5 Qb5 21. Qg4 Kh8 22. f4 Rxd1 23. Rxd1 Rd8 24. Rxd8+ Bxd8 25. Qd1 Qd5 26. Qe2 Bb6 27. a3 a5 28. g4 a4 29. g5 hxg5 30. fxg5 Bd4 31. Qf1 Kg8 32. g6 Qd7 33. Qf4 b5 34. gxf7+ Kf8 35. h6 gxh6 36. Qf3 Qxf7 37. Bxh6+ Kg8 38. Qxc6 Bxe5 39. Qxb5 Qh5 40. Bc1 Kf7 41. Qxa4 Qd1 1-0

[Event "Wch Blitz"]
[Site "Moscow"]
[Date "2019.12.29"]
[Round "4"]
[White "Gurvich, Vitaly"]
[Black "Al Ghamdi, Ahmed M"]
[Result "0-1"]
[WhiteElo "2230"]
[BlackElo "2107"]
[PlyCount "81"]
[EventDate "2019.12.29"]
[EventType "swiss (blitz)"]
[EventRounds "21"]
[EventCountry "RUS"]
[SourceTitle "CBM 193 Extra"]
[Source "ChessBase"]
[SourceDate "2020.01.31"]
[SourceVersion "1"]
[SourceVersionDate "2020.01.31"]
[SourceQuality "1"]

1. e4 e5 2. Nf3 Nc6 3. Bb5 a6 4. Bxc6 dxc6 5. 0-0 Bg4 6. d3 Qf6 7. Be3 Ne7 8. h3 h5 9. Nbd2 Ng6 10. Re1 Bd7 11. c3 0-0-0 12. d4 exd4 13. Bg5 Qe6 14. Nxd4 Qe8 15. Bxd8 Qxd8 16. Nf5 Qf6 17. Nf3 Bc5 18. N3d4 Ne5 19. b4 Ba7 20. f4 Nc4 21. Kh1 g6 22. e5 Qd8 23. Ne3 Nxe3 24. Rxe3 g5 25. f5 g4 26. e6 Be8 27. Qf1 gxh3 28. Rxh3 fxe6 29. fxe6 Qd5 30. Qf3 Qc4 31. Re1 c5 32. bxc5 Bxc5 33. e7 Rg8 34. Rxh5 Bd6 35. Qh3+ Kb8 36. Rh4 Qxa2 37. Rg1 Rg3 38. Qe6 Qf2 39. Rh8 Ka7 40. Nb3 Bc6 41. Qh6 0-1

[Event "Wch Rapid"]
[Site "Moscow"]
[Date "2019.12.28"]
[Round "15"]
[White "Al Ghamdi, Ahmed M"]
[Black "Tissir, Mohamed"]
[Result "0-1"]
[WhiteElo "2107"]
[BlackElo "2379"]
[PlyCount "82"]
[EventDate "2019.12.26"]
[EventType "swiss (rapid)"]
[EventRounds "15"]
[EventCountry "RUS"]
[SourceTitle "CBM 193 Extra"]
[Source "ChessBase"]
[SourceDate "2020.01.31"]
[SourceVersion "1"]
[SourceVersionDate "2020.01.31"]
[SourceQuality "1"]

1. e4 c5 2. Nf3 e6 3. d4 cxd4 4. Nxd4 Nf6 5. Nc3 d6 6. Be2 a6 7. Be3 Qc7 8. Qd2 b5 9. a3 Bb7 10. f3 Nbd7 11. 0-0 Be7 12. Rfd1 0-0 13. Kh1 Rac8 14. Rac1 Rfd8 15. Qe1 Ne5 16. Qf2 Qb8 17. Nb3 d5 18. exd5 Nxd5 19. Nxd5 Bxd5 20. Na5 Bd6 21. Ba7 Qa8 22. Bd4 Bc7 23. Nb3 Ng6 24. Bb6 Qb8 25. Bxc7 Qxc7 26. Nd4 Qb6 27. Qg1 e5 28. Nf5 Qe6 29. Ne3 Bb7 30. Qe1 Nf4 31. Bf1 e4 32. Rxd8+ Rxd8 33. Qh4 Qf6 34. Qxf6 gxf6 35. fxe4 Bxe4 36. Ng4 Kg7 37. Nf2 f5 38. Kg1 Rd2 39. Nxe4 fxe4 40. g3 Ne6 41. a4 Nd4 0-1

[Event "Wch Rapid"]
[Site "Moscow"]
[Date "2019.12.27"]
[Round "10"]
[White "Al Ghamdi, Ahmed M"]
[Black "Al Mutairi, Hassan S"]
[Result "1/2-1/2"]
[WhiteElo "2107"]
[BlackElo "1883"]
[PlyCount "34"]
[EventDate "2019.12.26"]
[EventType "swiss (rapid)"]
[EventRounds "15"]
[EventCountry "RUS"]
[SourceTitle "CBM 193 Extra"]
[Source "ChessBase"]
[SourceDate "2020.01.31"]
[SourceVersion "1"]
[SourceVersionDate "2020.01.31"]
[SourceQuality "1"]

1. e4 c6 2. d4 d6 3. Nc3 Nf6 4. Nf3 Qa5 5. Bd3 e5 6. 0-0 Be7 7. Bd2 Qc7 8. h3 Nbd7 9. Re1 0-0 10. a4 Re8 11. dxe5 dxe5 12. Bc4 h6 13. a5 Rb8 14. Be3 b5 15. axb6 axb6 16. Qc1 Bf8 17. Bb3 Nc5 1/2-1/2

[Event "Wch Rapid"]
[Site "Moscow"]
[Date "2019.12.27"]
[Round "9"]
[White "Krsnik Cohar, Ivan Vihor"]
[Black "Al Ghamdi, Ahmed M"]
[Result "1-0"]
[WhiteElo "2313"]
[BlackElo "2107"]
[PlyCount "109"]
[EventDate "2019.12.26"]
[EventType "swiss (rapid)"]
[EventRounds "15"]
[EventCountry "RUS"]
[SourceTitle "CBM 193 Extra"]
[Source "ChessBase"]
[SourceDate "2020.01.31"]
[SourceVersion "1"]
[SourceVersionDate "2020.01.31"]
[SourceQuality "1"]

1. d4 Nf6 2. Bg5 d5 3. e3 c5 4. c3 Nc6 5. Nf3 Qb6 6. Qb3 c4 7. Qc2 Ne4 8. Bf4 Bf5 9. Qc1 h6 10. Nbd2 g5 11. Bg3 Bg7 12. Nxe4 Bxe4 13. Be2 f6 14. 0-0 h5 15. h4 Bh6 16. hxg5 fxg5 17. Ne5 Bg7 18. f3 Nxe5 19. fxe4 Ng4 20. exd5 0-0-0 21. e4 Nf6 22. Qxg5 h4 23. Rxf6 Bxf6 24. Bg4+ Rd7 25. Bxd7+ Kxd7 26. Qg4+ Kd8 27. Bf2 Qxb2 28. Rf1 Qd2 29. e5 Qg5 30. Qxg5 Bxg5 31. Rb1 b6 32. Rb4 h3 33. gxh3 Rxh3 34. Rxc4 Rd3 35. Ra4 a5 36. c4 Bd2 37. Kf1 Bb4 38. Ke2 Rd2+ 39. Ke3 Rc2 40. a3 Rc3+ 41. Ke4 Bxa3 42. c5 bxc5 43. Rxa5 cxd4 44. Bxd4 Rb3 45. Ra8+ Kc7 46. Ra7+ Kd8 47. d6 exd6 48. e6 Bb2 49. Bf2 Bf6 50. Rd7+ Ke8 51. Rxd6 Rb5 52. Bg3 Rg5 53. Bf4 Ra5 54. Rb6 Ke7 55. Bd6+ 1-0

[Event "Wch Rapid"]
[Site "Moscow"]
[Date "2019.12.26"]
[Round "5"]
[White "Al Ghamdi, Ahmed M"]
[Black "Masrahi, Abdulrahman A"]
[Result "1/2-1/2"]
[WhiteElo "2107"]
[BlackElo "1956"]
[PlyCount "50"]
[EventDate "2019.12.26"]
[EventType "swiss (rapid)"]
[EventRounds "15"]
[EventCountry "RUS"]
[SourceTitle "CBM 193 Extra"]
[Source "ChessBase"]
[SourceDate "2020.01.31"]
[SourceVersion "1"]
[SourceVersionDate "2020.01.31"]
[SourceQuality "1"]

1. e4 e5 2. Nf3 Nc6 3. Bc4 Bc5 4. 0-0 Nf6 5. d3 d6 6. c3 a6 7. Be3 Bxe3 8. fxe3 Be6 9. Bxe6 fxe6 10. Nbd2 0-0 11. Qb3 Qd7 12. a4 Rab8 13. a5 d5 14. exd5 exd5 15. Ne4 Nxe4 16. dxe4 Rfd8 17. Rfd1 Qd6 18. Rxd5 Qe6 19. Rxd8+ Nxd8 20. Qxe6+ Nxe6 21. Nxe5 Ng5 22. Nd7 Rd8 23. Nc5 Rb8 24. Nd7 Rd8 25. Nc5 Rb8 1/2-1/2

[Event "Sousse Go Makkah op"]
[Site "Sousse"]
[Date "2019.09.02"]
[Round "1"]
[White "Al Ghamdi, Ahmed M"]
[Black "Ezat, Mohamed Mahmoud"]
[Result "0-1"]
[WhiteElo "2113"]
[BlackElo "2458"]
[PlyCount "80"]
[EventDate "2019.09.02"]
[EventType "swiss"]
[EventRounds "9"]
[EventCountry "TUN"]
[SourceTitle "EXT 2020"]
[Source "ChessBase"]
[SourceDate "2019.10.17"]
[SourceVersion "1"]
[SourceVersionDate "2019.10.17"]
[SourceQuality "1"]

1. e4 c6 2. d4 d5 3. Nd2 Qc7 4. Ngf3 Bg4 5. h3 Bh5 6. Bd3 e6 7. 0-0 dxe4 8. Nxe4 Nd7 9. Re1 Ngf6 10. Ng3 Bg6 11. Ne5 0-0-0 12. Qf3 Nxe5 13. dxe5 Bxd3 14. exf6 Bg6 15. Bf4 Qb6 16. Be5 Rg8 17. Nh5 Bd6 18. Bxd6 Rxd6 19. fxg7 Rd2 20. Nf6 Rxg7 21. Rad1 Rxc2 22. Qg3 Be4 23. Nd7 Rxg3 24. Nxb6+ axb6 25. fxg3 Bd5 26. Rd4 Rxg2+ 27. Kf1 Rxg3 28. Rh4 Bg2+ 29. Kf2 Rxh3 30. Rf4 Bd5 31. Rxf7 Rh2+ 32. Ke3 Rxb2 33. Rxh7 Rxa2 34. Rb1 Ra6 35. Kd4 Kb8 36. Rg1 Ka7 37. Ke5 c5 38. Rc7 Kb8 39. Kd6 Bc6 40. Kxe6 Ra5 0-1

[Event "Asia zt 3.1"]
[Site "Amman"]
[Date "2019.06.26"]
[Round "9"]
[White "Al Ghamdi, Ahmed M"]
[Black "El Jawich, Amro"]
[Result "1-0"]
[WhiteElo "2110"]
[BlackElo "2274"]
[PlyCount "67"]
[EventDate "2019.06.19"]
[EventType "swiss"]
[EventRounds "9"]
[EventCountry "JOR"]
[SourceTitle "CBM 191 Extra"]
[Source "ChessBase"]
[SourceDate "2019.09.30"]
[SourceVersion "1"]
[SourceVersionDate "2019.09.30"]
[SourceQuality "1"]

1. e4 c5 2. Nf3 Nc6 3. d4 cxd4 4. Nxd4 Nf6 5. Nc3 d6 6. Bg5 e6 7. Qd2 a6 8. 0-0-0 h6 9. Be3 Ng4 10. Nxc6 bxc6 11. Bf4 e5 12. Bg3 Be6 13. f3 Nf6 14. f4 Qa5 15. Bd3 Be7 16. Kb1 exf4 17. Bxf4 Ng4 18. h3 Ne5 19. Bxe5 Qxe5 20. Be2 Rb8 21. Bg4 Bxg4 22. hxg4 0-0 23. Rh5 Bg5 24. Qd3 Rb4 25. b3 c5 26. Rh3 Rd4 27. Qe2 Re8 28. Rf1 d5 29. Qf3 dxe4 30. Qxf7+ Kh8 31. Rf5 Qe7 32. Qxe7 Bxe7 33. Re5 Rdd8 34. Re3 1-0

[Event "Asia zt 3.1"]
[Site "Amman"]
[Date "2019.06.25"]
[Round "8"]
[White "Tarraf, Tarraf"]
[Black "Al Ghamdi, Ahmed M"]
[Result "0-1"]
[WhiteElo "1673"]
[BlackElo "2110"]
[PlyCount "130"]
[EventDate "2019.06.19"]
[EventType "swiss"]
[EventRounds "9"]
[EventCountry "JOR"]
[SourceTitle "CBM 191 Extra"]
[Source "ChessBase"]
[SourceDate "2019.09.30"]
[SourceVersion "1"]
[SourceVersionDate "2019.09.30"]
[SourceQuality "1"]

1. d4 Nf6 2. Nf3 g6 3. e3 Bg7 4. Bd3 0-0 5. 0-0 d6 6. Nbd2 Nc6 7. b3 Nb4 8. Be2 Bf5 9. Bb2 Bxc2 10. Qc1 Bd3 11. Qd1 Bc2 12. Qc1 Bf5 13. Qc4 a5 14. a3 d5 15. Qc3 Nc6 16. Rfd1 e6 17. Rac1 Bg4 18. h3 Bxf3 19. Nxf3 Ne4 20. Qc2 f5 21. Bb5 Na7 22. Bd3 c6 23. Qe2 Nc8 24. Nd2 Ncd6 25. f3 Nxd2 26. Qxd2 Qb6 27. Qc2 f4 28. e4 Bxd4+ 29. Bxd4 Qxd4+ 30. Kh1 Qb6 31. exd5 exd5 32. Bxg6 Rf6 33. Bxh7+ Kg7 34. Re1 Qc7 35. Bd3 Re8 36. Qf2 Rh8 37. Qd4 Qd7 38. Kg1 Re8 39. Re5 Rxe5 40. Qxe5 Nf7 41. Qe2 Qd6 42. Re1 Qxa3 43. Bc2 Qd6 44. Qd3 Re6 45. Qc3+ Kf8 46. Qxa5 Rxe1+ 47. Qxe1 Qc5+ 48. Qf2 d4 49. Kh2 Qe5 50. Qf1 Qe3 51. Qc4 Ne5 52. Qb4+ Ke8 53. Be4 Qc3 54. Qxb7 d3 55. Qc8+ Ke7 56. Qc7+ Ke6 57. Qc8+ Kd6 58. Qf8+ Kc7 59. Bf5 d2 60. Qe7+ Kb6 61. Qd8+ Kc5 62. Qe7+ Kd4 63. Qd6+ Ke3 64. Be6 Qd4 65. Qa3 d1Q 0-1

[Event "Asia zt 3.1"]
[Site "Amman"]
[Date "2019.06.23"]
[Round "6"]
[White "Saif, Malek"]
[Black "Al Ghamdi, Ahmed M"]
[Result "1-0"]
[WhiteElo "1970"]
[BlackElo "2110"]
[PlyCount "123"]
[EventDate "2019.06.19"]
[EventType "swiss"]
[EventRounds "9"]
[EventCountry "JOR"]
[SourceTitle "CBM 191 Extra"]
[Source "ChessBase"]
[SourceDate "2019.09.30"]
[SourceVersion "1"]
[SourceVersionDate "2019.09.30"]
[SourceQuality "1"]

1. e4 e5 2. Nf3 Nc6 3. d4 exd4 4. Bc4 Nf6 5. e5 d5 6. Bb5 Ne4 7. Nxd4 Bd7 8. Bxc6 bxc6 9. 0-0 Bc5 10. f3 Ng5 11. f4 Ne4 12. Be3 Bb6 13. c3 c5 14. Nb3 Bc6 15. a4 a5 16. Qc2 Qd7 17. N1d2 d4 18. Nxe4 dxe3 19. c4 0-0 20. Rae1 Bxa4 21. Rxe3 Kh8 22. Ng5 f5 23. Rd1 Qe7 24. Qc3 h6 25. Nf3 Rad8 26. Rde1 Qe6 27. Nbd2 Rd4 28. Qa3 Qe8 29. Nxd4 cxd4 30. Rg3 c5 31. e6 Bc6 32. e7 Rf7 33. Rb3 Ba7 34. Qxa5 Rxe7 35. Re5 Rxe5 36. fxe5 Qe7 37. Qa6 Qc7 38. Ra3 Bb8 39. Rb3 Ba7 40. Ra3 Bb6 41. Nf3 Kh7 42. Rb3 Ba5 43. e6 Bb4 44. e7 Be8 45. Qe6 Qf4 46. Kf2 Bd2 47. Qc8 Be3+ 48. Kf1 Qe4 49. Qxe8 Qc2 50. Qg8+ Kxg8 51. e8Q+ Kh7 52. Rxe3 dxe3 53. Qxe3 Qxc4+ 54. Kf2 Qc2+ 55. Qd2 Qe4 56. Qc3 c4 57. Ne5 Qh4+ 58. Kg1 Qf6 59. Nxc4 Qe6 60. Ne5 Qb6+ 61. Kh1 Qb5 62. Nf3 1-0

[Event "Sharjah Ramadan op rapid"]
[Site "Sharjah"]
[Date "2019.05.15"]
[Round "6"]
[White "Al Ghamdi, Ahmed M"]
[Black "Al Qudaimi, Basheer"]
[Result "0-1"]
[WhiteElo "2110"]
[BlackElo "2435"]
[PlyCount "140"]
[EventDate "2019.05.13"]
[EventType "swiss (rapid)"]
[EventRounds "9"]
[EventCountry "UAE"]
[SourceTitle "CBM 190 Extra"]
[Source "ChessBase"]
[SourceDate "2019.07.15"]
[SourceVersion "1"]
[SourceVersionDate "2019.07.15"]
[SourceQuality "1"]

1. e4 c5 2. Nf3 g6 3. d4 cxd4 4. Qxd4 Nf6 5. Qa4 Bg7 6. Nc3 0-0 7. e5 Ne8 8. h4 Nc6 9. Bf4 Nc7 10. 0-0-0 Ne6 11. Bg3 Qa5 12. Qxa5 Nxa5 13. Nd5 Nc6 14. Bb5 Re8 15. Rhe1 a6 16. Bxc6 bxc6 17. Nb6 Ra7 18. Nd4 Nxd4 19. Rxd4 d5 20. a4 a5 21. f4 Bf5 22. Bf2 Rb7 23. Rd2 Reb8 24. c4 Rxb6 25. Bxb6 Rxb6 26. cxd5 cxd5 27. Rxd5 Rc6+ 28. Kd1 f6 29. Rxa5 fxe5 30. Raxe5 Bxe5 31. Rxe5 Rb6 32. Kc1 Rc6+ 33. Kd1 Bc2+ 34. Kd2 Bxa4 35. Rxe7 Rc2+ 36. Ke3 Rxg2 37. Ra7 Bb3 38. f5 gxf5 39. Kf4 Rg4+ 40. Kxf5 Rxh4 41. Rb7 Rh3 42. Kf6 Rf3+ 43. Kg5 Be6 44. b4 Rf5+ 45. Kh6 Rf6+ 46. Kg5 Rg6+ 47. Kh4 Bd5 48. Rd7 Bc6 49. Rc7 Rd6 50. Kg5 Be8 51. Rb7 h6+ 52. Kf5 Bf7 53. b5 Kg7 54. b6 Rd5+ 55. Kf4 Rb5 56. Rb8 h5 57. Kg3 Rb4 58. Rb7 h4+ 59. Kh2 Kf6 60. Rb8 Rb3 61. b7 Kg5 62. Kg2 Bd5+ 63. Kh2 Rb2+ 64. Kg1 Rxb7 65. Rd8 Rb1+ 66. Kf2 Rb2+ 67. Kg1 Bf3 68. Rg8+ Kf4 69. Rg7 h3 70. Rh7 Kg3 0-1

[Event "Arab-ch"]
[Site "Dubai"]
[Date "2018.12.04"]
[Round "8"]
[White "Miswadah, Baha"]
[Black "Al Ghamdi, Ahmed M"]
[Result "0-1"]
[WhiteElo "1928"]
[BlackElo "2075"]
[PlyCount "78"]
[EventDate "2018.11.28"]
[EventType "swiss"]
[EventRounds "9"]
[EventCountry "UAE"]
[SourceTitle "CBM 187 Extra"]
[Source "ChessBase"]
[SourceDate "2018.11.04"]
[SourceVersion "1"]
[SourceVersionDate "2018.11.04"]
[SourceQuality "1"]

1. e4 e6 2. d4 d5 3. Nc3 Nf6 4. Bg5 dxe4 5. Nxe4 Be7 6. Bxf6 gxf6 7. Nf3 f5 8. Ned2 c5 9. Nb3 cxd4 10. Qxd4 Qxd4 11. Nbxd4 a6 12. Ne5 Nd7 13. f4 Bd6 14. Ndf3 f6 15. Nxd7 Bxd7 16. g3 Bc6 17. Bg2 Rg8 18. 0-0 0-0-0 19. Rad1 Bb5 20. Rfe1 Bc5+ 21. Kh1 Bf2 22. Rxd8+ Rxd8 23. Rc1 Kb8 24. b3 Be2 25. a4 Rd1+ 26. Rxd1 Bxd1 27. c3 Bxb3 28. a5 Be3 29. Nd4 Bxd4 30. cxd4 b6 31. axb6 a5 32. Bc6 a4 33. Bxa4 Bxa4 34. Kg2 Kb7 35. Kh3 Bd1 36. Kh4 Kxb6 37. h3 h5 38. g4 hxg4 39. hxg4 Bxg4 0-1

[Event "Olympiad-43"]
[Site "Batumi"]
[Date "2018.10.04"]
[Round "10.1"]
[White "Johnson, Joshua"]
[Black "Al Ghamdi, Ahmed M"]
[Result "1-0"]
[WhiteElo "2261"]
[BlackElo "2126"]
[PlyCount "121"]
[EventDate "2018.09.24"]
[EventType "team-swiss"]
[EventRounds "11"]
[EventCountry "GEO"]
[SourceTitle "CBM 187"]
[Source "ChessBase"]
[SourceDate "2018.12.11"]
[SourceVersion "1"]
[SourceVersionDate "2018.12.11"]
[SourceQuality "1"]
[WhiteTeam "Trinidad and Tobago"]
[BlackTeam "Saudi Arabia"]
[WhiteTeamCountry "TRI"]
[BlackTeamCountry "SAU"]

1. e4 e5 2. Nf3 Nc6 3. Bc4 Nf6 4. d3 Be7 5. 0-0 0-0 6. Re1 d6 7. a4 Kh8 8. c3 Ng8 9. a5 a6 10. Qb3 f5 11. exf5 Rxf5 12. Be3 e4 13. dxe4 Rxa5 14. Na3 Ne5 15. Nxe5 Rxe5 16. f4 Ra5 17. Qc2 Nf6 18. b4 Rh5 19. Be2 Bg4 20. Bd3 Bd7 21. h3 Bc6 22. Nc4 Qc8 23. Na5 Bd7 24. Be2 Rh4 25. Bf3 c6 26. f5 d5 27. Bg5 Rxe4 28. Bxe4 dxe4 29. Nc4 Qc7 30. Qf2 Rf8 31. Rad1 c5 32. Bf4 Qc6 33. Ne5 Qc8 34. Nxd7 Nxd7 35. Rxe4 Bf6 36. Bd6 Rg8 37. bxc5 Qc6 38. Re6 Qa4 39. Qe2 h6 40. Rb1 Bxc3 41. Rxb7 Qd4+ 42. Kh2 Nxc5 43. Be5 Qxe5+ 44. Rxe5 Bxe5+ 45. Qxe5 Nxb7 46. Qc7 Nd8 47. g4 Rf8 48. Kg3 Nf7 49. h4 Kg8 50. Qc4 Kh8 51. Qxa6 Rb8 52. Qe6 Rf8 53. Kf4 Kg8 54. g5 hxg5+ 55. hxg5 Kh8 56. Kg4 Nd8 57. Qe7 Kg8 58. g6 Nf7 59. Qe6 Rd8 60. Qxf7+ Kh8 61. f6 1-0

[Event "Olympiad-43"]
[Site "Batumi"]
[Date "2018.10.02"]
[Round "8.1"]
[White "Abrantes, Persson"]
[Black "Al Ghamdi, Ahmed M"]
[Result "0-1"]
[WhiteElo "2055"]
[BlackElo "2126"]
[PlyCount "104"]
[EventDate "2018.09.24"]
[EventType "team-swiss"]
[EventRounds "11"]
[EventCountry "GEO"]
[SourceTitle "CBM 187"]
[Source "ChessBase"]
[SourceDate "2018.12.11"]
[SourceVersion "1"]
[SourceVersionDate "2018.12.11"]
[SourceQuality "1"]
[WhiteTeam "Mozambique"]
[BlackTeam "Saudi Arabia"]
[WhiteTeamCountry "MOZ"]
[BlackTeamCountry "SAU"]

1. d4 Nf6 2. c4 d6 3. Nc3 Nbd7 4. e4 e5 5. d5 Nc5 6. Bg5 Be7 7. Bxf6 Bxf6 8. b4 Nd7 9. Nf3 0-0 10. Bd3 g6 11. 0-0 Bg7 12. Qc2 Nf6 13. h3 Nh5 14. Ne2 f5 15. c5 f4 16. Rfc1 g5 17. cxd6 cxd6 18. Qc7 Qf6 19. Kf1 Rf7 20. Qa5 b6 21. Qa3 g4 22. hxg4 Bxg4 23. Rc6 Bxf3 24. gxf3 Qh4 25. Ba6 Qh3+ 26. Ke1 Nf6 27. Qc3 Nxd5 28. exd5 e4 29. Nd4 Re8 30. Rxd6 e3 31. Re6 Rd8 32. Bf1 Qxf3 33. fxe3 fxe3 34. Nxf3 Bxc3+ 35. Ke2 Bxa1 36. Kxe3 Kf8 37. Bc4 Re7 38. Nh4 Bc3 39. a3 b5 40. Bb3 Rxe6+ 41. dxe6 Bf6 42. Nf5 Rc8 43. Kd2 h5 44. Ng3 h4 45. Ne4 Ke7 46. Ke3 h3 47. Kf4 h2 48. Ng3 Rc3 49. Nf5+ Kd8 50. Bd5 Rc1 51. Ng3 Ra1 52. Kf5 Be7 0-1

[Event "Wch Blitz"]
[Site "Riadh"]
[Date "2017.12.30"]
[Round "16"]
[White "Al Ghamdi, Ahmed M"]
[Black "Tissir, Mohamed"]
[Result "0-1"]
[WhiteElo "2159"]
[BlackElo "2381"]
[PlyCount "110"]
[EventDate "2017.12.29"]
[EventType "swiss (blitz)"]
[EventRounds "21"]
[EventCountry "SAU"]
[SourceTitle "CBM 182 Extra"]
[Source "ChessBase"]
[SourceDate "2018.02.23"]
[SourceVersion "1"]
[SourceVersionDate "2018.02.23"]
[SourceQuality "1"]

1. e4 c5 2. Nf3 d6 3. d4 cxd4 4. Nxd4 Nf6 5. Nc3 a6 6. f3 e6 7. Be3 b5 8. a4 b4 9. Nb1 e5 10. Nb3 Be6 11. N1d2 d5 12. Bd3 Nbd7 13. 0-0 Be7 14. Bf2 0-0 15. exd5 Nxd5 16. Be4 Qc7 17. Rc1 Rac8 18. g3 f5 19. Bd3 Nc5 20. Nxc5 Bxc5 21. Bxa6 Rcd8 22. Qe2 Kh8 23. Rfd1 Bxf2+ 24. Qxf2 e4 25. Nf1 f4 26. fxe4 fxg3 27. hxg3 Rxf2 28. Kxf2 Qb6+ 29. Kg2 Qxa6 30. exd5 Qe2+ 31. Kg1 Rxd5 32. Re1 Qg4 33. Re3 h6 34. Rce1 Rd6 35. Nh2 Qd4 36. Nf3 Qb6 37. Kh2 Bd5 38. Ne5 Kh7 39. Nd3 Rf6 40. Nf4 Bc6 41. b3 Qc5 42. R1e2 Rxf4 43. gxf4 Qh5+ 44. Kg3 Qh1 45. f5 Qg1+ 46. Kf4 Qg5+ 47. Ke5 Qe7+ 48. Kf4 Qd6+ 49. Re5 Qd4+ 50. Kg3 h5 51. R2e3 Qg4+ 52. Kf2 Qg2+ 53. Ke1 Bf3 54. f6 Qg1+ 55. Kd2 Qd1# 0-1